Kritéria pre zmeny cien

Bibliographic Details
Main Authors: Marček, Ján (Author), Masaryk, Ján (Author), Demeter, Štefan (Author)
Format: Article
Language:Slovak
PhysicalDescription:Obr.
Subjects:

MARC

LEADER 00000nab a2200000 a 4500
001 vtls008774966
003 SK-MaSNL
005 20260311224554.0
008 050608 1976 xo 000 0 slo
015 |a SNBRB1977 
040 |a SNKBUCL  |b slo  |c SNKBUCL  |e AACR2 
041 0 |a slo 
044 |a xo  |c SK 
080 |a 338.5  |2 2001 
080 |a 338.53  |2 2001 
100 1 |a Marček, Ján  |4 aut  |9 280192 
245 1 0 |a Kritéria pre zmeny cien  |c [ nap.] Ján Marček, Ján Masaryk, Štefan Demeter 
300 |b Obr. 
650 0 7 |a ceny  |2 snkbucl  |9 2113 
650 0 7 |a cenová politika  |2 snkbucl  |9 2111 
651 7 |a Československo  |2 snkbucl  |9 21376 
700 1 |a Masaryk, Ján  |4 aut  |9 292561 
700 1 |a Demeter, Štefan  |4 aut  |9 1218840 
773 0 |t Finance a úvěr  |g Roč. 26, č. 11 (1976), s. 752-759 
999 |c 3260331  |d 3262261